[Event "Linares 16th"]
[Site "Linares"]
[Date "1999.03.05"]
[Round "10"]
[White "Topalov, Veselin"]
[Black "Leko, Peter"]
[Result "1/2-1/2"]
[WhiteElo "2700"]
[BlackElo "2694"]
[Annotator "Wedberg,T"]
[PlyCount "43"]
[EventDate "1999.02.21"]
[EventType "tourn"]
[EventRounds "14"]
[EventCountry "ESP"]
[EventCategory "20"]
[SourceTitle "CBM 070"]
[Source "ChessBase"]
[SourceDate "1999.06.08"]
[SourceVersion "1"]
[SourceVersionDate "1999.06.08"]
[SourceQuality "1"]

1. e4 e5 2. Nf3 Nc6 3. Bb5 Nf6 4. O-O Bc5 5. c3 O-O 6. d4 Bb6 7. Bg5 h6 8. Bh4
d6 9. Bxc6 (9. a4 a5 10. Re1 {is main line.}) 9... bxc6 10. dxe5 dxe5 11. Qa4 {
This is hardly dangerous for Black. The Q is better on c2.} (11. Nbd2 {is the
main alternative} Re8 12. Qc2 g5 13. Bg3 Nh5 14. c4 Nxg3 15. hxg3 Qe7 16. Nb3
Bc5 17. Qc3 Rb8 18. a3 Bg4 19. Nxc5 Qxc5 20. b4 $14 {1-0 Almasi,Z-Gulko,B/
Pamplona 1996/CBM 57 (95)}) 11... Qd6 12. Rd1 (12. Na3 Qe6 (12... Nd7 13. Nc4
Qe6 14. Nxb6 cxb6 $10 {0-1 Rachels,S-Torre,E/Manila 1990/CBM 19/[Ernst] (60)})
13. Rfd1 Nd7 14. Qc4 Nc5 15. Qxe6 Bxe6 16. Nxe5 g5 17. Bg3 Nxe4 $132 {0-1
Petrushin,A-Gulko,B/Tallinn 1983/MCL (35)}) 12... Qe6 13. Nbd2 Nd7 14. b4 a5
15. Qb3 Re8 (15... Qe8 16. Qc4 Nb8 17. bxa5 Rxa5 18. Qd3 g5 19. Bg3 f6 $13 {
1/2-1/2 Ilincic,Z-Basagic,Z/JUG-chT 1989/TD (74)}) 16. Qxe6 Rxe6 17. Nc4 f6 18.
a3 Ba6 19. Nfd2 axb4 20. axb4 Ree8 21. Nxb6 Nxb6 22. f3 1/2-1/2

[Event "Linares 16th"]
[Site "Linares"]
[Date "1999.02.25"]
[Round "4"]
[White "Svidler, Peter"]
[Black "Leko, Peter"]
[Result "1-0"]
[WhiteElo "2713"]
[BlackElo "2694"]
[Annotator "Wedberg,T"]
[PlyCount "79"]
[EventDate "1999.02.21"]
[EventType "tourn"]
[EventRounds "14"]
[EventCountry "ESP"]
[EventCategory "20"]
[SourceTitle "CBM 070"]
[Source "ChessBase"]
[SourceDate "1999.06.08"]
[SourceVersion "1"]
[SourceVersionDate "1999.06.08"]
[SourceQuality "1"]

1. e4 e5 2. Nf3 Nc6 3. Bb5 Nf6 4. O-O Bc5 5. c3 O-O 6. d4 Bb6 7. Qd3 ({The
main lines starts with} 7. Bg5) ({or} 7. Re1) 7... d6 (7... d5 {an interesting
way to break the normal patterns} 8. Bxc6 bxc6 9. Nxe5 Nxe4 10. Nd2 (10. Nxc6
Qd6 11. Ne5 c5 $132 {Ehlvest}) 10... Bf5 11. Qf3 Qf6 (11... Nxd2 12. Bxd2 Be4
13. Qg4 (13. Qe3 Re8 $13) 13... c5 $5 $13) 12. Nxc6 (12. g4 Be6 13. Qxf6 gxf6
14. Nxc6 Bxg4 15. f3 Nxd2 16. Bxd2 Bh3 17. Rfe1 $14 {1/2-1/2 Litvinov,
V-Tolstikh,N/Minsk 1993/EXT 97 (58)}) 12... Rae8 13. Nxe4 Rxe4 14. Nb4 Qe6 15.
Nd3 c6 16. Bd2 Re8 17. Rae1 $44 {1-0 Ehlvest,J-Short,N/Belgrade 1989/CBM 16 
(41)}) 8. Bg5 h6 9. Bh4 Bd7 (9... g5 $6 10. Nxg5 hxg5 11. Bxg5 Kg7 12. f4 $40 {
1-0 Polgar,S-Bayon Fernandez,R/Oviedo 1993/CBM 38 ext (25)}) (9... exd4 10.
cxd4 g5 (10... Bg4 11. Nbd2 Bh5 12. Rfe1 g5 13. Bxc6 bxc6 14. Nxg5 hxg5 15.
Bxg5 $40 {1-0 Arnason,J-Lima,D/Thessaloniki 1988/TD (44)}) 11. Bxc6 bxc6 12.
Nxg5 hxg5 13. Bxg5 Kg7 14. a4 a5 15. Ra3 Qd7 16. e5 Nh7 17. Qd2 Rg8 $17 {
0-1 Renet,O-Ninov,K/Ostend 1989/EXT 99 (26)}) 10. Nbd2 a6 11. Bc4 exd4 $146 {
The standard plan for Black is to hold the e5-point firmly, and to lay out the
barbwire on the K-side by putting P:s on g5 and f6. This plan worked well in
Ehlvest - Salov, Moscow 1988. Leko plays a new sequence of moves with the aim
of playing an early g5.} (11... Qe7 12. Rfe1 (12. a3 Kh8 13. Rfe1 g5 14. Bg3
Nh5 15. Bd5 Nf4 (15... f6 $5) 16. Bxf4 gxf4 17. Nc4 f6 18. Nh4 $14 {1-0 Mainka,
R-Law,A/Gausdal 1991/TD (31)}) 12... Kh8 (12... Rad8 13. Bd5 Kh8 14. Nc4 Bg4
15. Nxb6 cxb6 16. Nd2 g5 17. Bg3 Nb8 18. Nc4 b5 19. Nxd6 $16 {1-0 Luther,
T-Gruen,P/BL9192 1992/GER-chT (29)}) 13. Bb3 g5 14. Bg3 Nh5 15. Nc4 f6 16. Nxb6
cxb6 17. Nd2 b5 $13 {1/2-1/2 Ehlvest,J-Salov,V/Moscow 1988/URS-ch (82)}) 12.
cxd4 g5 $5 13. Bg3 (13. Nxg5 $5 {Tempting, but maybe not quite as good as it
looks at first.} hxg5 14. Bxg5 Kg7 $1 (14... Bxd4 $2 15. e5 Bxe5 16. Qg6+ Kh8
17. Qh6+ Kg8 18. Ne4 $18) (14... Nxd4 $2 15. e5 Bf5 16. Qg3 Nh5 17. Qh4 Qd7 18.
Qxh5 $18) 15. e5 (15. Nf3 Qe8 16. Rfe1 $13) 15... dxe5 16. Ne4 Bf5 17. dxe5
Nxe4 18. Bxd8 Raxd8 19. Qf3 Bg6 {A highly unclear position. Blacks minor
pieces are quite active.}) 13... Nh5 14. e5 $5 {/\Qg6} Kg7 (14... Nxg3 $2 15.
Qg6+ Kh8 16. Qxh6+ Kg8 17. Nxg5 $18) 15. exd6 Nxg3 16. dxc7 (16. hxg3 cxd6 $13)
16... Qxc7 17. fxg3 $5 {[%mdl 16] Svidler creates a dangerous tactical
liability by self-pinning himself on d4. White hopes to compensate himself
with play on the f-file later on.} g4 18. Nh4 {[%cal Rf1f7,Yd3g6] White has a
threat.} Ne5 $1 {[%cal Ge5f7,Ge5g6,Re5c4,Re5d3]} (18... Bxd4+ 19. Kh1 Bxb2 20.
Rxf7+ $1 Rxf7 21. Qg6+ Kh8 22. Qxh6+ Kg8 23. Qg6+ Kh8 24. Bxf7 $18) (18... Nxd4
19. Rxf7+ $1 $18) 19. Nf5+ (19. Qc3 Rac8 20. Rac1 Qd6 21. Rf4 Nc6 22. Nb3 Ne5
23. Nd2 $11) 19... Bxf5 (19... Kh7 $2 20. Qe4 $18) (19... Kh8 $2 20. Qe3 $18)
20. Qxf5 Bxd4+ $6 {This helps White a bit.} (20... Rad8 $5 {This was the way
to immediately utilise White's weaknesses. White has problems with his loose
pieces on c4 and d2.} 21. Kh1 (21. Rf4 Rxd4 22. Rxd4 Rd8 $1 $19) 21... Rxd4 22.
Qf6+ Kh7 23. Qf5+ (23. Rf5 Rxd2 24. Rxe5 Qxc4 25. Qxb6 Qc6 26. Qxc6 bxc6 $13)
23... Kg7 (23... Kg8 $2 24. Ne4 $16) 24. Qf6+ $11) 21. Kh1 Qd6 22. Rae1 (22.
Rad1 Qg6 $11) 22... Rad8 $6 (22... Bxb2 $5 {Still some problems with Nd2 and
Bc4.} 23. Ne4 (23. Re2 Rae8 24. Bb3 Qg6 $17) 23... Qg6 24. Bd5 Qxf5 25. Rxf5
Rab8 26. Nc5 Rfe8 27. Nxb7 $11) 23. Bb3 $1 $16 {White has consolidated. Blacks
weak K-side and the opposite coloured B:s gives White good attacking chances.}
Bxb2 24. Nc4 {Exchanging Black´s best defender.} Nxc4 25. Qxg4+ Qg6 26. Qxc4 b5
27. Qb4 Rc8 28. Re3 $1 {[%cal Yb3f7,Yf1f7,Ye3f3,Yf3f7,Ge3c3][%mdl 128]} (28.
Bxf7 Bc3 29. Qxf8+ (29. Qxc3+ Rxc3 30. Bxg6 Rxf1+ 31. Rxf1 Kxg6 $11) 29... Rxf8
30. Bxg6 Bxe1 31. Rxe1 Kxg6 32. Kg1 $14) 28... Qg5 29. Qd2 Bf6 30. h4 Qc5 31.
Re4 h5 32. Ref4 {[%cal Yf1f7,Yb3f7] Black is doomed.} Rc6 33. Rf5 Qc3 34. Qf4
$18 Rd8 35. Rxh5 Qd2 36. Qg4+ Kf8 37. Rh8+ $1 Ke7 38. Rh7 Rf8 39. Qe4+ Kd7 40.
Bxf7 1-0

[Event "Fujitsu Siemens Giants"]
[Site "Frankfurt"]
[Date "2000.06.25"]
[Round "10"]
[White "Shirov, Alexei"]
[Black "Leko, Peter"]
[Result "1-0"]
[WhiteElo "2751"]
[BlackElo "2725"]
[Annotator "Wedberg,T"]
[PlyCount "81"]
[EventDate "2000.06.22"]
[EventType "tourn"]
[EventRounds "10"]
[EventCountry "GER"]
[EventCategory "21"]
[SourceTitle "CBM 078"]
[Source "ChessBase"]
[SourceDate "2000.10.18"]
[SourceVersion "1"]
[SourceVersionDate "2000.10.18"]
[SourceQuality "1"]

1. e4 e5 2. Nf3 Nc6 3. Bb5 Bc5 4. c3 Nf6 5. d4 Bb6 6. O-O O-O 7. Bg5 h6 8. Bh4
d6 9. Qd3 Qe7 {Leko shifts away from his favourite move.} ({Leko´s pet line} 
9... Bd7 10. Nbd2 a6 {gave him problems after} 11. Bxc6 $5 {in Anand - Leko
from the same tournament.}) 10. Nbd2 Nb8 {Slow but solid. Black starts off by
securing his centre and guarding his N on f6 before doing anything risky, like
playing g5.} 11. Rfe1 c6 12. Ba4 Nbd7 (12... g5 $2 {Too early.} 13. Nxg5 $1
hxg5 14. Bxg5 Kh7 15. Qg3 Rh8 16. Re3 Bd8 17. Rf3 Nbd7 18. d5 Rb8 19. dxc6 bxc6
20. Bxc6 Qe6 21. Rf5 {1-0 Kuporosov,V-Navrotescu,C/Wattens 1993/EXT 2000 (21)})
13. Nc4 Bc7 (13... Re8 14. Rad1 Bc7 15. Ne3 Qf8 16. Nd2 {1/2-1/2 Khalifman,
A-Malaniuk,V/Samara 1998/CBM 67 (16)}) 14. Ne3 Re8 15. Nf5 Qf8 16. Rad1 {
[%mdl 8] White has the usual space advantage. The question is how White is
going to make anything out of it.} (16. dxe5 dxe5 17. Qd2 Nh5 18. Bc2 Nc5 19.
Kh1 Be6 20. b4 Nd7 21. Bb3 Nb6 22. g4 $6 Nf4 $36 {0-1 Wade,R-Redolfi,A/Munich
1958/MCD (49)}) 16... Nh5 17. Bc2 Nb6 18. b3 Be6 19. Qd2 Bd8 20. Ne3 g6 21. c4
{White's expansion is quite instructive.} Bxh4 22. Nxh4 c5 {A very principle
decision. Black does get a good P position, but the problem is that his N:s
are too far removed from the ideal post on d4.} 23. dxc5 dxc5 24. Nd5 Rad8 25.
Qa5 $1 $36 Bxd5 26. exd5 Qd6 27. g3 Re7 28. Rd2 Rde8 29. Rde2 Nf6 30. Nf3 Nfd7
31. Nd2 f5 32. Qxa7 $5 {Shirov goes for chaos as usual.} Ra8 33. Qxb7 Nb8 34.
Qxe7 $1 Qxe7 35. Rxe5 Qb7 36. Re8+ Kf7 37. Nf3 Rxa2 $2 (37... Nc8 $142 $1 $13)
38. R1e6 $1 $40 {[%csl Rf7]} N6d7 (38... N8d7 39. R8e7+ Kf8 40. Ne5 $18) 39.
R6e7+ Kf6 40. Rh7 Qb6 41. Ree7 1-0

[Event "Orel"]
[Site "Orel"]
[Date "1994.??.??"]
[Round "4"]
[White "Zaitsev, Igor A"]
[Black "Gorbatov, Alexej"]
[Result "1-0"]
[WhiteElo "2430"]
[BlackElo "2415"]
[Annotator "Wedberg,T"]
[PlyCount "49"]
[EventDate "1994.??.??"]
[EventType "tourn"]
[EventRounds "11"]
[EventCountry "RUS"]
[EventCategory "8"]
[SourceTitle "CBM 042"]
[Source "ChessBase"]
[SourceDate "1994.10.01"]
[SourceVersion "1"]
[SourceVersionDate "1994.10.01"]
[SourceQuality "1"]

1. e4 e5 2. Nf3 Nc6 3. Bb5 Nf6 4. d4 exd4 5. O-O Be7 6. Re1 O-O (6... a6 $1 7.
Ba4 b5 {--> C84}) 7. e5 Ne8 8. Bf4 (8. Nxd4 Nxd4 9. Qxd4 d5 $10) 8... f6 (8...
d6 9. Bxc6 bxc6 10. Nxd4 $14) 9. c3 $6 (9. Bxc6 dxc6 10. Qxd4 Qxd4 11. Nxd4 $14
) 9... fxe5 10. Bxe5 Nxe5 11. Nxe5 d5 (11... dxc3 $2 12. Bc4+ Kh8 13. Qh5 Rf6
14. Nxc3 $40) 12. cxd4 Nd6 13. Bd3 Bf5 $10 14. Nc3 c6 15. Bxf5 Nxf5 16. Qg4 Qd6
17. Ne2 Rae8 18. Ng3 g6 $6 (18... Nxg3 $32) 19. Re2 Nxg3 20. hxg3 Bd8 21. Rae1
$14 Re7 22. Nxg6 $5 Rg7 (22... hxg6 $2 23. Rxe7 Bxe7 24. Re6 $18) 23. Re6 Qb4
$2 (23... Qc7 $1 24. Nxf8 (24. Ne7+ $4 Qxe7 $19) 24... Rxg4 25. Re8 Kf7 26. Ne6
Kxe8 $1 27. Nxc7+ Kd7 28. Ne6 Bb6 29. Nc5+ Bxc5 30. dxc5 Rc4 $13) 24. a3 $1 Qb6
25. Re8 $1 (25. Re8 Rxg6 26. Rxf8+ Kxf8 27. Qd7 $18) 1-0

[Event "Monarch Assurance 08th"]
[Site "Port Erin"]
[Date "1999.11.13"]
[Round "8"]
[White "Psakhis, Lev"]
[Black "Parker, Jonathan"]
[Result "1/2-1/2"]
[WhiteElo "2581"]
[BlackElo "2523"]
[Annotator "Wedberg,T"]
[PlyCount "153"]
[EventDate "1999.11.06"]
[EventType "swiss"]
[EventRounds "9"]
[EventCountry "IOM"]
[SourceTitle "CBM 074"]
[Source "ChessBase"]
[SourceDate "2000.02.01"]
[SourceVersion "1"]
[SourceVersionDate "2000.02.01"]
[SourceQuality "1"]

1. e4 e5 2. Nf3 Nc6 3. Bb5 Nf6 4. O-O Bc5 5. c3 O-O 6. d4 Bb6 7. Bg5 h6 8. Bh4
d6 9. Bxc6 (9. a4 a5 10. Re1 {is main line.}) 9... bxc6 10. dxe5 dxe5 11. Qa4 {
This is an optimistic move, but the Q is too lonely to do any damage on the
Q-side. On the contrary, the only significant effect of this bold sortie is
that White weakens his control over vital squares like d2 and d3.} (11. Nbd2
$142 Re8 12. Qc2 {Prudent and good.} g5 13. Bg3 Nh5 14. c4 Nxg3 15. hxg3 Qe7
16. Nb3 Bc5 17. Qc3 Rb8 18. a3 Bg4 19. Nxc5 Qxc5 20. b4 $14 {1-0 Almasi,
Z-Gulko,B/Pamplona 1996/CBM 57 (95)}) 11... Qd6 12. Rd1 Qe6 13. Bxf6 {New but
not an improvement.} (13. Nbd2 Nd7 14. b4 a5 $132 {1/2-1/2 Topalov,V-Leko,P/
Linares 1999/CBM 70/[Wedberg] (22)}) 13... Qxf6 14. Na3 Bg4 15. Rd3 Rfd8 $17 {
The position is not comfortable for White.} 16. Qc2 (16. Rad1 Bxf3 17. Rxf3
Rxd1+ 18. Qxd1 Rd8 19. Qe1 Qd6 $17) 16... Rxd3 17. Qxd3 Rd8 18. Qe2 Bxf3 19.
Qxf3 (19. gxf3 $2 Qg5+ 20. Kh1 Rd2 $19) 19... Qxf3 20. gxf3 Rd2 21. Nc4 Bxf2+
22. Kf1 Rc2 23. Rd1 $1 {The best defence.} (23. Nxe5 Bb6 $17) 23... Bh4 $6 {
The wrong side.} (23... Bb6 $5 24. Rd8+ (24. Rd2 Rxd2 {With the B on b6
protecting the P:s this is playable.} 25. Nxd2 f6 $17 {but winning is not an
easy task. In the game this ending occurs without the Q-side P:s. Then it´s a
dead draw.}) 24... Kh7 25. Nxe5 Rxh2 26. Nxf7 Rxb2 $17) 24. Rd2 Rc1+ (24...
Rxd2 $6 25. Nxd2 $132 {and White is OK due to the weak black Q-side.}) 25. Kg2
Bg5 26. Re2 Ra1 27. a3 f6 28. Na5 Rb1 $1 (28... c5 $2 29. Nb3 $14) 29. Nxc6 Bc1
30. b4 Bxa3 31. Ra2 Rb3 32. Nxa7 Bb2 33. Nb5 Bxc3 34. Nxc7 Rxb4 35. Nd5 Rb2+ (
35... Rb3 36. Ra8+ Kh7 37. Ra7 $132) 36. Rxb2 Bxb2 {This ending is drawish.
The fact that Black cannot win with the h-P and the B makes it even clearer.}
37. h3 Bc1 38. Kf2 Kf7 39. Ke2 Ba3 40. Nb6 Ke6 41. Nc4 Bc5 42. Nd2 Kd7 43. Kd3
Kc6 44. Nf1 g6 45. Nd2 Bf2 46. Nc4 Kc5 47. Na5 Kd6 48. Nc4+ Ke6 49. Ke2 Bd4 50.
Kd3 Bc5 51. Ke2 h5 52. Nb2 Kf7 53. Nd3 Bd6 54. Kf2 Kg7 55. Kg2 Kh6 56. Kf1 Kg5
57. Kg2 f5 58. Kf1 fxe4 59. fxe4 Kh4 60. Kg2 g5 61. Ne1 g4 62. Nd3 $1 Bc7 (
62... gxh3+ 63. Kh1 Kg3 64. Nxe5 $11) 63. Kh2 Bb6 64. Kg2 Bd4 65. Ne1 Be3 66.
Nd3 Bf4 67. Ne1 Kg5 68. Nd3 Kg6 69. Ne1 g3 70. Nd3 Kf6 71. Kf3 Ke6 72. Ne1 Kd6
73. Ng2 Kc5 74. Nh4 Kd4 75. Ng6 g2 76. Kxg2 Kxe4 77. Nxe5 1/2-1/2

[Event "EU-chT (Men) 12th"]
[Site "Batumi"]
[Date "1999.12.02"]
[Round "4.1"]
[White "Lanka, Zigurds"]
[Black "Sokolov, Ivan"]
[Result "0-1"]
[WhiteElo "2504"]
[BlackElo "2656"]
[Annotator "Wedberg,T"]
[PlyCount "74"]
[EventDate "1999.11.06"]
[EventType "team-swiss"]
[EventRounds "9"]
[EventCountry "GEO"]
[SourceTitle "CBM 074"]
[Source "ChessBase"]
[SourceDate "2000.02.01"]
[SourceVersion "1"]
[SourceVersionDate "2000.02.01"]
[SourceQuality "1"]
[WhiteTeam "Latvia"]
[BlackTeam "Bosnia&Herzegovina"]
[WhiteTeamCountry "LAT"]
[BlackTeamCountry "BIH"]

1. e4 e5 2. Nf3 Nc6 3. Bb5 Nf6 4. O-O Bc5 5. c3 O-O 6. d4 Bb6 7. Bg5 d6 8. a4
a5 9. Re1 h6 10. Bh4 exd4 11. Bxc6 bxc6 12. Nxd4 Re8 13. Nd2 c5 (13... g5 {
This moveorder allows White to put the N on the active square b5. On the other
hand is Nf5 prevented.} 14. Bg3 c5 15. Nb5 (15. Nf5 $6 Bxf5 16. exf5 Rxe1+ 17.
Qxe1 Qd7 $15) 15... Bb7 (15... c6 $2 16. Nxd6 $18) 16. Qc2 (16. e5 dxe5 17. Nc4
Qd5 18. Qxd5 Nxd5 $10 {1/2-1/2 Polgar,J-Spassky,B/Prague 1995/CBM 48/[Wedberg]
(26)}) 16... d5 17. e5 Nh5 18. e6 $13 {1/2-1/2 Shirov,A-Leko,P/Bordeaux 1999/
CBM 70 ext (25)} (18. c4 $14)) (13... Bd7 $6 14. f4 $1 $16) 14. Nc2 (14. Nf5
Bxf5 15. exf5 d5 (15... Rxe1+ 16. Qxe1 d5 17. Qe5 Ng4 18. Qg3 Nf6 19. Qe5 Ng4
$11) 16. Rxe8+ Qxe8 17. Bxf6 gxf6 18. c4 $16 {1-0 Held,P-Lang,T/Germany 1990/
GER (40)}) (14. N4f3 Bb7 15. Qc2 Re6 16. Re3 Qe8 $1 $11 {1/2-1/2 Thorsteins,
K-Spassky,B/Reykjavik 1985/MCD (28)}) 14... g5 {[%mdl 8]} (14... Bb7 15. f3 c4+
16. Nd4 g5 17. Bf2 d5 18. exd5 Qxd5 19. Rxe8+ Rxe8 20. Qf1 g4 21. Nxc4 gxf3 22.
Nxb6 fxg2 23. Nxd5 {1/2-1/2 Ree,H-Knezevic,M/Kiev 1978/EXT 2000 (23)}) 15. Bg3
Bb7 16. f3 $6 (16. e5 dxe5 17. Rxe5 Rxe5 18. Bxe5 Qd5 19. Qf3 $11) 16... d5 $1
17. e5 {Giving Black a strong centre. This is especially troublesome since the
white N:s need some secure squares to work from.} ({but} 17. exd5 c4+ $1 (17...
Qxd5 $6 18. c4 {Is in Whites taste. The black B:s lose their punch.}) 18. Kh1 (
18. Bf2 Bxf2+ 19. Kxf2 Qxd5 20. Ne3 Qc5 21. Qe2 Rad8 22. Rad1 Ba6 23. Ndf1 Rd3
$17) (18. Nd4 Qxd5 19. Bf2 c5 20. Nb5 Rxe1+ 21. Bxe1 Qd3 22. Na3 Bd5 $17) 18...
Qxd5 19. Na3 Rxe1+ 20. Qxe1 Re8 21. Qd1 Ba6 {still looks better for Black.})
17... Nh5 18. Nf1 d4 19. Na3 (19. c4 d3 20. Nce3 Qd4 $17) 19... Qd5 20. c4 Qc6
21. h3 Qg6 22. Nb5 Re6 23. Bh2 Nf4 $40 24. Bxf4 gxf4 25. Nh2 h5 {[%csl Rh2]}
26. Qd2 Qf5 {Black is already winning. The N:s are out of play for the rest of
the game.} 27. Re2 Rae8 28. Rae1 Rxe5 29. Rxe5 Rxe5 30. Rxe5 Qxe5 31. Nf1 Bc8
32. Kf2 c6 33. Na3 Bd8 34. Kg1 Bf5 35. b3 Bh4 36. Qd1 Qe1 37. Qd2 Bg3 $22 {
White must exchange Q:s but then Bxe1-b4 picks up Na3.} 0-1

[Event "USA-ch"]
[Site "Long Beach"]
[Date "1993.??.??"]
[Round "9"]
[White "Fedorowicz, John P"]
[Black "Kaidanov, Gregory S"]
[Result "1-0"]
[WhiteElo "2545"]
[BlackElo "2640"]
[Annotator "Wedberg,T"]
[PlyCount "91"]
[EventDate "1993.12.??"]
[EventType "tourn"]
[EventRounds "11"]
[EventCountry "USA"]
[EventCategory "14"]
[SourceTitle "CBM 039"]
[Source "ChessBase"]
[SourceDate "1994.04.01"]
[SourceVersion "1"]
[SourceVersionDate "1994.04.01"]
[SourceQuality "1"]

1. e4 e5 2. Nf3 Nc6 3. Bb5 Nf6 4. O-O Bc5 5. Nxe5 Nxe5 6. d4 c6 7. dxe5 Nxe4 8.
Bd3 d5 9. exd6 Nf6 (9... Nxd6 10. Re1+ Be6 $4 11. Rxe6+ $18) 10. Re1+ (10. Bg5
Bxd6 11. Re1+ Be6 12. Nc3 Qc7 13. Bxf6 gxf6 14. Qh5 O-O-O 15. Ne4 Bb4 $1 16.
Re2 Qf4 17. g3 Rhg8 {|^ Sigurjonsson-Taulbut/Brighton 1981}) 10... Be6 11. Nc3
Qxd6 12. Qf3 O-O-O 13. Bf5 $1 Qd7 (13... Rhe8 14. Bg5 $36) (13... Bd7 14. Bf4
Qf8 15. Be5 $16) 14. Bxe6 fxe6 15. Be3 Bxe3 16. Qxe3 Kb8 17. Qxe6 $16 Qxe6 18.
Rxe6 Rd2 19. Re2 Rxe2 20. Nxe2 Rd8 21. Kf1 Kc7 22. Ke1 Ne4 23. f3 Nd6 24. Nf4
Re8+ 25. Kf2 Nc4 26. b3 Na3 27. c4 Nc2 28. Rd1 c5 29. Ne2 Nb4 30. Rd2 Nc6 31.
h4 a6 32. Rd5 b6 33. Nc3 Ne5 34. h5 h6 35. g4 Kc6 36. Kg3 Nd7 37. Ne4 Re6 38.
Kf4 Re7 39. a4 a5 40. Ng3 Nf6 41. Nf5 Rf7 42. Rd6+ Kc7 43. Re6 Nd7 44. Re7 Rxe7
45. Nxe7 Nf8 46. Ke5 1-0

[Event "Norway Chess 5th"]
[Site "Stavanger"]
[Date "2017.06.15"]
[Round "8"]
[White "Vachier Lagrave, Maxime"]
[Black "Kramnik, Vladimir"]
[Result "1-0"]
[WhiteElo "2796"]
[BlackElo "2808"]
[Annotator "Yermolinsky,A"]
[PlyCount "95"]
[EventDate "2017.06.06"]
[EventType "tourn"]
[EventRounds "9"]
[EventCountry "NOR"]
[EventCategory "22"]
[SourceTitle "CBM 179"]
[Source "ChessBase"]
[SourceDate "2017.07.12"]
[SourceVersion "1"]
[SourceVersionDate "2017.07.12"]
[SourceQuality "1"]

1. e4 e5 2. Nf3 Nc6 3. Bb5 Nf6 4. d3 Bc5 5. c3 d5 $5 {An intriguing line.} 6.
exd5 (6. Nbd2 {Vachier Lagrave-Hou Yifan, Grenke 2017, is a practical choice.})
6... Qxd5 7. Bc4 Qd6 8. b4 {Energetic.} (8. Qe2 O-O 9. Nbd2 a5 {
Topalov-Aronian, 2016}) 8... Bb6 9. a4 e4 (9... a6 10. Nbd2 O-O 11. O-O h6 12.
Ba3 $14) 10. dxe4 Qxd1+ 11. Kxd1 Nxe4 12. Kc2 Bf5 {Novelty, and a good one.} (
12... Nd6 {Caruana-Xiong, US Ch 2017. Fabiano at some point had a sizeable
advantage only to squander it away and fight for a draw later on.}) 13. Nh4 Bd7
14. Re1 f5 15. Nxf5 (15. f3 Bf2 16. Re2 Bxh4 17. fxe4 fxe4 18. Rxe4+ Be7 {
is equal, because White has to stop ...Bf5, and therefore has no time to
exploit the pin on the e-file.}) 15... Bxf5 16. f3 Ne5 17. fxe4 Bg4 {Black
enjoys full compensation for a sacrificed pawn.} 18. h3 (18. Na3 Bf2 19. Rf1
Rf8 20. Kb3 O-O-O {Same here.}) 18... Nxc4 19. hxg4 O-O 20. Re2 a5 21. Nd2 (21.
Na3 Ne5 22. Bb2 Rf4 23. g5 c6 24. Rd1 Rg4 $11) 21... Ne3+ 22. Kb3 axb4 23. cxb4
Rfd8 24. Bb2 {The ensuing complications kept the game roughly balanced.} ({
However, MVL had a much better move.} 24. Nf3 $1 Nxg4 (24... Nxg2 25. a5 Rd3+
26. Kb2) 25. a5 Bf2 26. b5 $14 {Once Black's threats run out the active king
will help White on the Q-side, while its black counterpart is miles away from
the action.}) 24... Rd3+ 25. Bc3 Bd4 26. Rc1 Nd1 27. Nb1 Nxc3 28. Nxc3 Be5 29.
a5 Rg3 30. Rf2 c6 31. Rf3 Rxg4 32. Na4 Rxg2 33. Nc5 Rb2+ 34. Kc4 Bd6 $2 {
I suspect Vladimir stole a look or two at the Carlsen-Karjakin game, hoping
his teammate could bring the Champ down. Grabbing that Number One Position in
the live rating list would be so sweet.} ({Normally this game should have
ended peacefully after something like this:} 34... Rb8 35. Rd1 h5 36. Rf5 Rc2+
37. Kb3 Rc3+ 38. Ka2 (38. Ka4 $4 b5+ 39. axb6 Ra8+ 40. Na6 Rxa6#) 38... Bf6 39.
Rxh5 Rc2+) 35. Rd1 Bxc5 36. Kxc5 {Suddenly it's Black who's in huge trouble.
From the hunted, harried piece the chameleon king turns into the fearsome
hunter in the blink of an eye.} Re8 37. Rd7 Re5+ 38. Kc4 $1 h5 $2 ({The
salvation was there after a rook trade:} 38... Rxe4+ 39. Kc3 Rbe2 40. Rxb7
R4e3+ 41. Rxe3 Rxe3+ 42. Kd4 Ra3 43. Kc5 g5 44. Kb6 g4 45. a6 g3 46. Re7 h5 47.
Re5 h4 48. Ra5 Rxa5 {and both sides will get their new queens to arrive in a
drawn ending.}) 39. Rxb7 Rxe4+ 40. Kc5 {Not the same script with four rooks
present. Black will find it difficult to advance his pawns as his king falls
behind.} Rc2+ 41. Kd6 Rd4+ 42. Kc7 Ra2 43. Kxc6 h4 44. Rb6 Rg4 $2 (44... Rc2+
45. Kb7 Rd7+ 46. Ka6 Rd5 47. Rb8+ (47. b5 Rb2) 47... Kh7 48. Rff8 g5 49. b5 {
Still, a lot of work left for White.}) 45. a6 Kh7 46. Rf5 $1 Ra4 (46... g5 47.
Re5 h3 48. Re7+ Kg6 49. Kd5+ Kf5 50. Rf7# {is a good visual on why four rook
endings are of a special kind.}) (46... Re4 47. Kd5 Rg4 48. Rh5+ Kg8 49. Kc6 g6
50. Ra5 $18) 47. Rh5+ Kg6 48. Rxh4 $1 {An elegant finish, and MVL finally
lights up the scoreboard!} 1-0